KPOP Girl Groups - Statistiques

Statistiques générales
  • Ce quiz a été pris 714 fois
  • Le résultat moyen est 50 sur 97
Statistiques - réponses
Hint Réponse % Correct
J
99%
Jennie
95%
Lisa
95%
Rosé
95%
BLACKPINK Jisoo
94%
aespa Karina
92%
Winter
92%
Giselle
91%
Ningning
91%
Momo
89%
TWICE Nayeon
89%
Sana
86%
ITZY Yeji
86%
Mina
84%
Lia
83%
Yuna
83%
Minnie
82%
Danielle
81%
Jihyo
81%
Ryujin
81%
Tzuyu
81%
Le Sserafim Sakura
80%
Soyeon
80%
Red Velvet Irene
79%
Yuqi
79%
Chaewon
78%
Hanni
77%
Kazuha
77%
(G)I-dle Miyeon
76%
Dahyun
75%
Yunjin
75%
Eunchae
74%
Chaeyoung
73%
NMIXX Lily
73%
Wonyoung
73%
NewJeans Minji
71%
Seulgi
71%
Shuhua
71%
Chaeryeong
70%
Liz
70%
Wendy
70%
Jeongyeon
69%
Yujin
69%
Haerin
68%
Joy
67%
Hyein
64%
IVE Gaeul
63%
Rei
63%
Leeseo
59%
Yeri
58%
Bae
52%
Haewon
52%
Sullyoon
49%
Jiwoo
47%
Kyujin
47%
Chuu
44%
Yoon
42%
Girl’s Generation Taeyeon
40%
Yves
33%
Isa
32%
SinB
28%
Yoona
28%
Seeun
27%
Sieun
27%
Eunha
26%
Jessica
26%
Tiffany
26%
Kim Lip
25%
Hyunjin
24%
Umji
23%
ViVi
23%
Choerry
22%
STAYC Sumin
22%
Yuju
22%
Sunny
21%
LOONA Heejin
20%
Hyoyeon
20%
Haseul
19%
Gowon
18%
Jinsoul
18%
Yuri
18%
Sooyoung
17%
Yeojin
17%
GFriend Sowon
15%
Yerin
14%
Bona
13%
Hyeju
13%
Dayoung
12%
Seohyun
12%
Exy
10%
WJSN Seola
9%
Dawon
8%
Eunseo
8%
Luda
8%
Soobin
8%
Yeoreum
8%
Yeonjung
6%
Aucun quiz correspondant
Distribution des résultats
% des personnes avec chaque résultat
Percentile par nombre de réponses
Votre historique - résultats
Vous n’avez pas pris ce quiz